Nomografía o el arte de redactar leyes

Spremljeno u:
Bibliografski detalji
Glavni autor: Bentham, Jeremy (Autor)
Format: Knjiga
Jezik:španjolski
Izdano: Madrid Centro de Estudios Políticos y Constitucionales 2000
Serija:Colección Clásicos Políticos
Teme:
Oznake: Dodaj oznaku
Bez oznaka, Budi prvi tko označuje ovaj zapis!

MARC

LEADER 00000nam a2200000 a 4500
001 UCM0559
003 CL-VaPUC
008 020301e20000000SP |||||||||||||||||spa|d
082 0 4 |a 328.373  |b BEN  |2 21 
100 0 |a Bentham, Jeremy  |e author  |9 395045 
245 1 0 |a Nomografía o el arte de redactar leyes 
300 |a 144 p 
942 |c BK 
945 |d 20020301 00:00:00  |a cmena 
260 |a Madrid  |b Centro de Estudios Políticos y Constitucionales  |c 2000 
650 7 |a REDACCION DE LEYES  |2 CL-VaPUC  |9 467429 
650 7 |a LEGISLADORES  |2 CL-VaPUC  |9 257664 
583 |a last modification  |c 20020301 00:00:00  |k Rodrigo Vera 
490 0 |a Colección Clásicos Políticos 
999 |c 299450  |d 299448 
952 |0 0  |1 0  |4 0  |6 328_373000000000000_BEN_2000  |7 0  |8 DER_TF  |9 356001  |a BIBDER  |b BIBDER  |d 2019-11-21  |i 3732037  |l 1  |m 5  |o 328.373 BEN 2000  |p 3732037  |q 2025-12-31  |r 2020-02-26  |s 2020-02-26  |w 2019-11-21  |x Ubicación 4to Piso  |y BK  |z Estos recursos deben solicitarse con anticipación  |k DER